Statistiche per Calciatori dell'Inter nella Squadra dell'anno UEFA

Clicka qui per fare il quiz!

Statistiche generali

  • Questo quiz è stato fatto 50 volte
  • Il punteggio medio è 4 su 5

Statistiche sulle risposte

Numero apparizioniEdizioni apparizioniNazioneCalciatore% Corretto
22007; 2009SveziaZlatan Ibrahimović
98%
12002BrasileRonaldo
91%
12010Paesi BassiWesley Sneijder
76%
12010BrasileMaicon
70%
12002Paesi BassiClarence Seedorf
30%

Distribuzione punteggi

Percentile per numero di risposta

Percentuale di utenti per punteggio

I tuoi punteggi nel tempo

Non hai fatto questo quiz